01722nam a22002657a 45000010005000000030006000050050017000110080041000280200018000690400029000870500016001160820012001321000021001442450031001652500044001962600038002403000045002785050008003235200994003315210020013255210021013456500028013666500028013947000034014225430FISKH20241206111958.0241206b cb ||||| |||| 00| 0 eng d a9780545621212 aFISKHbengcFISKHdFISKH aPS3573.R493 a813.54  aWright, Barbara  aCrow / cby Barbara Wright aFirst Scholastic printing, October 2013 aNew York : bScholastic ; c2012. a296 pages : billustrations ; c20 cm .  aS  aThe summer of 1898 is filled with ups and downs for 11-year-old Moses. He's growing apart from his best friend, his superstitious Boo-Nanny butts heads constantly with his pragmatic, educated father, and his mother is reeling from the discovery of a family secret. Yet there are good times, too. He's teaching his grandmother how to read. For the first time she's sharing stories about her life as a slave. And his father and his friends are finally getting the respect and positions of power they've earned in the Wilmington, North Carolina, community. But not everyone is happy with the political changes at play and some will do anything, including a violent plot against the government, to maintain the status quo. One generation away from slavery, a thriving African American community--enfranchised and emancipated--suddenly and violently loses its freedom in turn of the century North Carolina when a group of local politicians stages the only successful coup d'etat in US history.8 a800 bLexile 8 aS bRaz-Plus  aNorth CarolinavFiction aReconstructionvFiction aRodriguez, Edel eillustrator